| 000 | 01037nam a2200265 4500 | ||
|---|---|---|---|
| 001 | 174612 | ||
| 003 | ES-MaACL | ||
| 005 | 20250709063234.0 | ||
| 008 | 100511s1826 sp p |||| | spa d | ||
| 080 | _a27(460) | ||
| 100 | 1 |
_aFlórez, Enrique, _d1702-1773 _9142679 |
|
| 240 | 1 | 0 | _aEspaña sagrada |
| 245 | 1 | 0 |
_aEspaña sagrada. _nTomo XLIV, _pTratado LXXXII de la Santa Iglesia de Gerona en su estado moderno / _cpor Antolin Merino y José de la Canal. |
| 260 |
_aMadrid : _ben la imprenta de Don José del Collado, _c1826. |
||
| 300 |
_aXX, 416 p. ; _c20 cm. |
||
| 504 | _aApéndices, p. 259-344. | ||
| 504 | _aÍndice de cosas notables del tomo, p. 409-416. | ||
| 530 | _aDisponible en formato digital. | ||
| 546 | _atextos en latín, p. 259-409. | ||
| 700 | 1 |
_aMerino, Antolín. _9142795 |
|
| 700 | 1 |
_aCanal, José de la. _9142796 |
|
| 852 | 4 |
_aES-MaACL _jR-1617-69 _x C-16767-818 |
|
| 856 |
_uhttps://archive.org/details/espaasagradathe36palegoog/page/n7 _zInternet Archive |
||
| 999 |
_c174612 _d174612 |
||